LEADER 01582nam a2200313 u 4500 001 000000077641 003 CaOOAMICUS 005 20180606115737.0 008 040219s1986 vc u000 u ita u 032 $aLibriCat 035 $a10984743 040 $aPUL(R)$bita 100 1 $aBuonomo, Vincenzo,$d1961-$0(OLS)http://pul/name/21353 245 12$aL'I.F.A.D. : verso quale giustizia nella Comunità Internazionale ? /$cVincenzo Buonomo. 260 $aCittà del Vaticano :$bPontificia Università Lateranense,$c1986. 300 $a63 p. ;$c23 cm 500 $aIn testa al front. : "Pontificia Universitas Lateranensis. Institutum Utriusque Iuris". 500 $a"Excerpta ex dissertatione ad Doctoratum in Utroque iure in Pontificia Universitate Lateranense". 502 $aDiss. (Doct.)-- Pontificia Universitas Lateranensis. 504 $aBibliografia in nota ed in appendice. 610 24$aIFAD (International Fund for Agricultural Development).$0(OLS)http://pul/subject/45477 650 4$aDiritto internazionale$xStudi.$0(OLS)http://pul/subject/26811 850 $aPUL 852 $aPUL$W1$xDP1 Tesi Pon Univ. Lateranense$y41$mTH PUL.IUS 390$j99700$nBK-PRI$b $qTesi$B99700$CPULBib$Z2$F99700 $HPUL55052 $81 941 1 $a16 960 $aInternational Fund for Agricultural Development$945477 996 $6245$aL'I.F.A.D. : verso quale giustizia nella Comunità Internazionale ?$9(OLS)http://pul/title/101813 996 $6260$aCittà del Vaticano :$bPontificia Università Lateranense$9(OLS)http://pul/publisher/57603 LEADER 01261nam a2200289 u 4500 001 000000077394 003 CaOOAMICUS 005 20070226123321.0 008 040202s2003 enkabf u000 u eng u 020 $a1844720020 035 $a10983000 040 $aPUL$bita 245 00$aAncient perspectives on Egypt /$cedited by Roger Matthews and Cornelia Roemer. 260 $aLondon :$bUCL Press institute of archaeology,$cc2003. 300 $axiii, 253 p., [4] p. di tav. :$bill., c. geogr. ;$c23 cm 490 1 $aEncounters with Ancient Egypt 500 $aComprende indici. 651 4$aEgitto$xAntichità.$0(OLS)http://pul/subject/25299 700 1 $aRoemer, Cornelia.$0(OLS)http://pul/name/51454 700 1 $aMatthews, Roger J.,$d1954-$0(OLS)http://pul/name/51453 830 0$aEncounters with Ancient Egypt.$0(OLS)http://pul/title/101450 850 $aPUL 852 $aPUL$W1$xSL Religione 1$y3$m10(3) A 7.2$j99429$nBK-PRI$b $qStampati$B99429$CPULBib$Z2$F99429 $HPUL94011 $81 941 1 $a8 996 $6020$a1844720020$9(OLS)http://pul/number/101433 996 $6245$aAncient perspectives on Egypt$9(OLS)http://pul/title/101482 996 $6260$aLondon :$bUCL Press institute of archaeology$9(OLS)http://pul/publisher/75083